| 000 | 00409nam a2200181Ia 4500 | ||
|---|---|---|---|
| 003 | IT-RoPAU | ||
| 008 | 120407s9999 xx 000 0 und d | ||
| 040 | _aIT-RoPAU | ||
| 040 | _cIT-RoPAU | ||
| 100 | _aBernardino da Siena | ||
| 100 | _csan | ||
| 245 | _aI sermoni latini. Trattato delle ispirazioni vol. II | ||
| 250 | _aSiena | ||
| 260 | _aCantagalli | ||
| 300 | _c cm | ||
| 490 | _v1 | ||
| 942 | _cBK | ||
| 999 |
_c1546 _d1546 |
||